1640 1364 1304 1240 1251 1222 1939 1504 1123 1735 1978 1871 1104 1264 1159 1361 1331 1122 1405 1575 1728 1767 1509 1568 1414 1812 1818 1179 1448 1109 1407 1405 1195 1373 1890 1256 1746 1283 1294 1888 1154 1098 1382 1894 1721 1437 1473 1867 1369 1268 1188 1876 1549 1188 1011 1550 1776 1137 1927 1988 1033 1776 1266 1175 1883 1894 1969 1003 1929 1360 1267 1105 1558 1201 1273 1132 1614 1814 1551 1515 1432 1503 1177 1919 1697 1046 1187 1007 1393 1229 1397 1974 1270 1891 1776 1253 1814 1608 1262 BCNSPRNW ULIB Ver.6.0+V

เปลี่ยนเป็นภาษาไทย

Change to English
 แสดงรายละเอียดบรรณานุกรม
  กลับหน้าหลัก

Brief Record : Get Marc (ISO 2709) : E-mail record : QR code < ปิดหน้าต่าง
LEADER : 00000nam 2200000uu 4500
001    13399126596
003     ULIB
008    020711s2560 th a 000 0 tha d
020    ู^a9786164280458
050    ^aN745.925^bช373พ
100    ^aชัยเกียรติ ศรีอ่อนจันทร์ และคณะ
245    ^aพื้นฐานงานใบตอง (ฉบับสุดคุ้ม)/^cชัยเกียรติ ศรีอ่อนจันทร์ และคณะ
260    ^aกรุงเทพฯ :^bวาดศิลป์,^c2560
300    ^a64 หน้า;^b26 ซม.
650    ^aการประดิษฐ์ด้วยใบตอง
650    ^aใบตอง
945    ^p80^l0^i004791
999    ^aประนอม เกษจรัล
รายการนี้ยังไม่มีแท็ก
คุณยังไม่ได้ล็อกอิน คุณสามารถมีกิจกรรมร่วมกับเว็บไซต์ได้ แต่ต้องล็อกอินก่อน ::
  ล็อกอิน

รายการสื่อสารสนเทศ

ลำดับที่ ประเภท เลขเรียก/บาร์โค้ด สถานที่ สถานะ
1. การศึกษาทั่วไป
การศึกษาทั่วไป
N745.925 ช373พ ฉ.1 
  Barcode: 004791
ห้องสมุดวิทยาเขตสวรรค์ประชารักษ์
►หนังสือทั่วไป
บนชั้น

รายการใกล้เคียง
    ผู้แต่ง [ชัยเกียรติ ศรีอ่อนจันทร์ และคณะ]

    หัวเรื่อง [การประดิษฐ์ด้วยใบตอง]
    หัวเรื่อง [ใบตอง]

BibComment


ยังไม่เคยถูกคอมเมนท์

คอมเมนท์ทรัพยากรรายการนี้
  คอมเมนท์: พื้นฐานงานใบตอง ..


 Copyright 2026. Bcnsprnw @Library